[Event "Mitropa Cup 23th"]
[Site "Zemplinska Sirava"]
[Date "2004.05.31"]
[Round "3.4"]
[White "Sikorova, Olga"]
[Black "Masserey, Yvan"]
[Result "0-1"]
[WhiteElo "2275"]
[BlackElo "2325"]
[PlyCount "148"]
[EventDate "2004.05.29"]
[EventType "team-tourn"]
[EventRounds "9"]
[EventCountry "SVK"]
[Source "ChessBase"]
[SourceDate "2004.07.06"]
[WhiteTeam "Czech Republic"]
[BlackTeam "Switzerland"]
[WhiteTeamCountry "CZE"]
[BlackTeamCountry "SUI"]

1. e4 e6 2. d4 d5 3. e5 c5 4. c3 Nc6 5. Nf3 Bd7 6. dxc5 Bxc5 7. Bd3 f6 8. b4
Be7 9. b5 Na5 10. O-O Qc7 11. Bf4 f5 12. Qc1 Nh6 13. Bxh6 gxh6 14. Qxh6 O-O-O
15. Nbd2 Kb8 16. Rac1 Ba3 17. Rc2 Nc4 18. Bxc4 dxc4 19. Nd4 Qc8 20. Qe3 Qc7 21.
Qe2 Rc8 22. Nb1 Be7 23. a4 h5 24. Nd2 h4 25. h3 Rhg8 26. Ra1 Rg6 27. N2f3 Rcg8
28. Ne1 Qc5 29. Rb2 Qd5 30. Ndf3 Qe4 31. Rd1 Bc8 32. Rd4 Qxe2 33. Rxe2 b6 34.
Rxc4 Bb7 35. Re3 Bc5 36. Nxh4 Bxe3 37. fxe3 Rh6 38. Kf2 Bd5 39. Rd4 Rc8 40. Nd3
Rxc3 41. Nb4 Bb7 42. Nf3 Rg6 43. g3 Rc8 44. Ng1 Rgg8 45. Ne2 Rgd8 46. Rxd8 Rxd8
47. Nd4 Re8 48. Nd3 Bd5 49. Nf4 Ba2 50. h4 Kc7 51. h5 Kd7 52. Kg2 Bc4 53. Kh3
Rg8 54. Ng6 Ke8 55. Nc6 Kf7 56. Kh4 Be2 57. Nce7 Rd8 58. h6 Rd1 59. Kg5 Rg1 60.
Kf4 Rh1 61. Nh4 Ra1 62. Nexf5 exf5 63. e6+ Kg8 64. e7 Rxa4+ 65. Kg5 Bxb5 66.
Nxf5 Kh7 67. Nd6 Bd7 68. e4 Ra5+ 69. Nf5 Re5 70. Kf4 Re6 71. g4 a5 72. g5 a4
73. Ng3 Rxe7 74. Nh5 a3 0-1

[Event "Mitropa Cup 23th"]
[Site "Zemplinska Sirava"]
[Date "2004.05.31"]
[Round "3.1"]
[White "Varga, Zoltan"]
[Black "Prusikin, Michael"]
[Result "0-1"]
[WhiteElo "2564"]
[BlackElo "2518"]
[PlyCount "84"]
[EventDate "2004.05.29"]
[EventType "team-tourn"]
[EventRounds "9"]
[EventCountry "SVK"]
[Source "ChessBase"]
[SourceDate "2004.07.06"]
[WhiteTeam "Hungary"]
[BlackTeam "Germany"]
[WhiteTeamCountry "HUN"]
[BlackTeamCountry "GER"]

1. e4 c5 2. Nf3 e6 3. b3 a6 4. Bb2 Nc6 5. c4 d6 6. d4 cxd4 7. Nxd4 Nf6 8. Nxc6
bxc6 9. e5 dxe5 10. Qxd8+ Kxd8 11. Bxe5 Bb4+ 12. Nc3 Nd7 13. Bxg7 Rg8 14. a3
Ba5 15. b4 Rxg7 16. bxa5 Nc5 17. Rb1 Kc7 18. g3 e5 19. Bg2 Bf5 20. Rb6 Rg6 21.
O-O Bd3 22. Re1 e4 23. f3 f5 24. fxe4 fxe4 25. Ne2 Rd6 26. Nf4 Re8 27. Rb4 Rd4
28. Re3 Bc2 29. h4 Nd3 30. Ne2 Rdd8 31. Rb6 Nc5 32. Nc3 Rd3 33. Kf2 Rf8+ 34.
Ke2 Rd4 35. Rb4 Nd3 36. Rxe4 Nc1+ 37. Ke1 Bxe4 38. Bxe4 Re8 39. Rb6 Na2 40.
Nxa2 Rdxe4+ 41. Kd1 Re1+ 42. Kc2 R8e2+ 0-1

[Event "Mitropa Cup 23th"]
[Site "Zemplinska Sirava"]
[Date "2004.05.31"]
[Round "3.3"]
[White "Balogh, Csaba"]
[Black "Seel, Christian"]
[Result "1/2-1/2"]
[WhiteElo "2468"]
[BlackElo "2433"]
[PlyCount "119"]
[EventDate "2004.05.29"]
[EventType "team-tourn"]
[EventRounds "9"]
[EventCountry "SVK"]
[Source "ChessBase"]
[SourceDate "2004.07.06"]
[WhiteTeam "Hungary"]
[BlackTeam "Germany"]
[WhiteTeamCountry "HUN"]
[BlackTeamCountry "GER"]

1. e4 e5 2. Nf3 Nc6 3. Bb5 Nf6 4. O-O Nxe4 5. d4 Nd6 6. dxe5 Nxb5 7. a4 Nbd4 8.
Nxd4 Nxd4 9. Qxd4 d5 10. exd6 Qxd6 11. Qe3+ Be6 12. Nc3 a6 13. Rd1 Qc6 14. Qd4
Bd6 15. Nb5 O-O 16. Nxd6 cxd6 17. Ra3 Qxc2 18. Rg3 f6 19. Bh6 Rf7 20. Qxd6 Re8
21. h3 Qxa4 22. Rd4 Qc6 23. Qxc6 bxc6 24. Ra4 Bc8 25. Bd2 Rd7 26. Bc3 Kf7 27.
Rf3 Bb7 28. Rff4 Re6 29. Rfc4 Re2 30. Ra1 h5 31. h4 Kg6 32. Kf1 Re6 33. Re1
Rxe1+ 34. Kxe1 Rd5 35. Rb4 Rb5 36. Rxb5 axb5 37. f3 c5 38. Kf2 Kf5 39. Ke3 b4
40. Be1 Ke5 41. Bg3+ Kd5 42. Bb8 Bc8 43. g3 Bh3 44. Bc7 Bf5 45. Bd8 Kd6 46. Ba5
Kc6 47. Bd8 Kd6 48. Ba5 Be6 49. Bb6 c4 50. Ba5 Kc5 51. Bd8 Kb5 52. Be7 Ka4 53.
Kd2 Kb3 54. f4 Bf5 55. Bf8 Be4 56. Kc1 f5 57. Bxg7 Ka2 58. Bf6 Bd3 59. Bg7 c3
60. bxc3 1/2-1/2

[Event "Mitropa Cup 23th"]
[Site "Zemplinska Sirava"]
[Date "2004.05.31"]
[Round "3.4"]
[White "Bindrich, Falko"]
[Black "Antal, Gergely"]
[Result "1-0"]
[WhiteElo "2253"]
[BlackElo "2495"]
[PlyCount "123"]
[EventDate "2004.05.29"]
[EventType "team-tourn"]
[EventRounds "9"]
[EventCountry "SVK"]
[Source "ChessBase"]
[SourceDate "2004.07.06"]
[WhiteTeam "Germany"]
[BlackTeam "Hungary"]
[WhiteTeamCountry "GER"]
[BlackTeamCountry "HUN"]

1. e4 c5 2. Nf3 e6 3. Nc3 d6 4. d4 cxd4 5. Nxd4 Nf6 6. Be2 Be7 7. Be3 Nc6 8. f4
O-O 9. O-O a6 10. Qe1 Bd7 11. Qg3 Rc8 12. Rae1 d5 13. e5 Ne4 14. Nxe4 dxe4 15.
c3 Bh4 16. Qh3 Bxe1 17. Rxe1 Nxd4 18. Bxd4 Qa5 19. a3 Qa4 20. Qg3 Bc6 21. Bd1
Qb5 22. Qf2 Bd5 23. Re3 Rc7 24. Rh3 Bb3 25. Bg4 f5 26. exf6 gxf6 27. Rh5 Qe8
28. Qh4 Rg7 29. h3 Qd8 30. Be2 e5 31. fxe5 fxe5 32. Qxd8 Rxd8 33. Rxe5 Rg6 34.
Bh5 Bf7 35. Bxg6 Bxg6 36. Kf2 Re8 37. Rc5 Re7 38. h4 h5 39. Rg5 Kh7 40. Ke3 Rf7
41. Rc5 Bf5 42. b4 Kg8 43. Kf4 Bg4+ 44. Kxe4 Kf8 45. Re5 Rd7 46. a4 Kf7 47. b5
Re7 48. bxa6 bxa6 49. Kd5 Rxe5+ 50. Bxe5 Ke7 51. c4 Kd7 52. Kc5 Be2 53. a5 Kc8
54. Kd5 Kb7 55. c5 Kc8 56. c6 Kd8 57. Kc5 Bf1 58. g4 hxg4 59. h5 Bd3 60. Kb6
Ke7 61. c7 Kd7 62. Kb7 1-0

[Event "Mitropa Cup 23th"]
[Site "Zemplinska Sirava"]
[Date "2004.06.01"]
[Round "4.2"]
[White "Balinov, Ilija"]
[Black "Biolek, Richard"]
[Result "0-1"]
[WhiteElo "2382"]
[BlackElo "2062"]
[PlyCount "140"]
[EventDate "2004.05.29"]
[EventType "team-tourn"]
[EventRounds "9"]
[EventCountry "SVK"]
[Source "ChessBase"]
[SourceDate "2004.07.06"]
[WhiteTeam "Austria"]
[BlackTeam "Czech Republic"]
[WhiteTeamCountry "AUT"]
[BlackTeamCountry "CZE"]

1. c4 e5 2. g3 Nf6 3. Bg2 d5 4. cxd5 Nxd5 5. Nf3 Nc6 6. O-O Nb6 7. b3 g6 8. Bb2
Bg7 9. d3 O-O 10. Re1 Re8 11. Qc1 a5 12. a3 Be6 13. Nbd2 Bd5 14. Rb1 Qe7 15. e3
Rad8 16. Qc2 Be6 17. Rbc1 f5 18. Qb1 Nd7 19. Qc2 g5 20. h3 h6 21. Nh2 Ndb8 22.
Red1 Qd7 23. Ndf3 Bd5 24. e4 Be6 25. exf5 Bxf5 26. Qc4+ Be6 27. Qc2 Rf8 28. Bf1
Qf7 29. Re1 Bxb3 30. Qb1 Bd5 31. Bg2 Nd7 32. Re2 Nb6 33. Ba1 Nd4 34. Bxd4 exd4
35. Nd2 Bxg2 36. Kxg2 Nd5 37. Qxb7 Nc3 38. Rce1 Rb8 39. Qc6 Rb2 40. Nhf3 Rb6
41. Qc4 Nxe2 42. Rxe2 Qxc4 43. Nxc4 Rb3 44. Ne1 Kf7 45. Nxa5 Rxa3 46. Nc4 Rc3
47. f4 gxf4 48. gxf4 Re8 49. Rxe8 Kxe8 50. Kf3 Rc1 51. Ng2 Rh1 52. f5 Rxh3+ 53.
Ke4 h5 54. Nf4 Rh1 55. Ne6 Kf7 56. Nxc7 h4 57. Kf3 Rg1 58. Kf2 Rg3 59. Nd5 Rxd3
60. f6 Bxf6 61. Nd6+ Ke6 62. Nf4+ Kxd6 63. Nxd3 Kd5 64. Nf4+ Kc4 65. Ne6 d3 66.
Nf4 Bd4+ 67. Ke1 Be3 68. Nxd3 Kxd3 69. Kf1 h3 70. Ke1 h2 0-1

[Event "Mitropa Cup 23th"]
[Site "Zemplinska Sirava"]
[Date "2004.06.01"]
[Round "4.3"]
[White "Jirka, Jiri"]
[Black "Kuba, Guenter"]
[Result "1/2-1/2"]
[WhiteElo "2408"]
[BlackElo "2339"]
[PlyCount "83"]
[EventDate "2004.05.29"]
[EventType "team-tourn"]
[EventRounds "9"]
[EventCountry "SVK"]
[Source "ChessBase"]
[SourceDate "2004.07.06"]
[WhiteTeam "Czech Republic"]
[BlackTeam "Austria"]
[WhiteTeamCountry "CZE"]
[BlackTeamCountry "AUT"]

1. d4 d5 2. Nf3 Nc6 3. g3 Bg4 4. Ne5 Nxe5 5. dxe5 e6 6. Bg2 Bc5 7. c4 c6 8. O-O
Ne7 9. Nc3 O-O 10. Na4 Bb6 11. h3 Bh5 12. Nxb6 Qxb6 13. Bg5 Rfe8 14. Qd2 h6 15.
Be3 Qa6 16. g4 Bg6 17. c5 d4 18. Bxd4 Red8 19. e4 Rd7 20. Qc3 Rad8 21. Be3 Rd3
22. Qc2 Nd5 23. exd5 Rxe3 24. Qc1 Rxe5 25. Qc3 Rexd5 26. Bxd5 Rxd5 27. Rfd1 Be4
28. Rxd5 Bxd5 29. Qc2 Qa5 30. a3 Qc7 31. Qc3 Qf4 32. Qe3 Qa4 33. b4 Qc2 34. Rc1
Qa2 35. f3 f6 36. Re1 e5 37. Re2 Qb1+ 38. Re1 Qc2 39. Qf2 Qd3 40. Qe3 Qc2 41.
Qf2 Qd3 42. Qe3 1/2-1/2

[Event "Mitropa Cup 23th"]
[Site "Zemplinska Sirava"]
[Date "2004.06.01"]
[Round "4.1"]
[White "Prusikin, Michael"]
[Black "Jankovic, Alojzije"]
[Result "1/2-1/2"]
[WhiteElo "2518"]
[BlackElo "2444"]
[PlyCount "52"]
[EventDate "2004.05.29"]
[EventType "team-tourn"]
[EventRounds "9"]
[EventCountry "SVK"]
[Source "ChessBase"]
[SourceDate "2004.07.06"]
[WhiteTeam "Germany"]
[BlackTeam "Croatia"]
[WhiteTeamCountry "GER"]
[BlackTeamCountry "CRO"]

1. Nf3 Nf6 2. c4 e6 3. Nc3 Bb4 4. Qc2 O-O 5. a3 Bxc3 6. Qxc3 b6 7. e3 a5 8. b4
c5 9. Bb2 axb4 10. axb4 Rxa1+ 11. Bxa1 Na6 12. b5 Nb4 13. Be2 Bb7 14. O-O Qe7
15. Bb2 d5 16. d3 Rd8 17. Ra1 dxc4 18. dxc4 Bxf3 19. Bxf3 Nd3 20. Ra6 Qd6 21.
h3 Nxb2 22. Qxb2 h5 23. Qc2 h4 24. Qc3 e5 25. Qc2 g6 26. Bd5 Nxd5 1/2-1/2

[Event "Mitropa Cup 23th"]
[Site "Zemplinska Sirava"]
[Date "2004.06.01"]
[Round "4.3"]
[White "Seel, Christian"]
[Black "Kuljasevic, Davorin"]
[Result "0-1"]
[WhiteElo "2433"]
[BlackElo "2408"]
[PlyCount "90"]
[EventDate "2004.05.29"]
[EventType "team-tourn"]
[EventRounds "9"]
[EventCountry "SVK"]
[Source "ChessBase"]
[SourceDate "2004.07.06"]
[WhiteTeam "Germany"]
[BlackTeam "Croatia"]
[WhiteTeamCountry "GER"]
[BlackTeamCountry "CRO"]

1. Nf3 d5 2. d4 Nf6 3. c4 c6 4. e3 a6 5. Nc3 b5 6. c5 Nbd7 7. Bd2 e5 8. dxe5
Ng4 9. e6 fxe6 10. Nd4 Ndf6 11. Nxc6 Qc7 12. Nd4 e5 13. Ndxb5 axb5 14. h3 Nh6
15. b4 Be7 16. e4 d4 17. Bxh6 gxh6 18. Nxb5 Qb8 19. Bc4 Bb7 20. O-O Bxe4 21.
Re1 Bc6 22. a4 Kf8 23. Ra3 Rg8 24. Bxg8 Bxb5 25. Ba2 Be8 26. Qd2 Kg7 27. f4 e4
28. Rg3+ Bg6 29. Qxd4 Rxa4 30. Rxe4 Bxc5 31. Qxc5 Nxe4 32. Qd4+ Nf6 33. Re3
Qxb4 34. Qxb4 Rxb4 35. g3 h5 36. Be6 Be4 37. g4 hxg4 38. hxg4 Rb6 39. f5 h6 40.
Re2 Bf3 41. Re3 Bxg4 42. Kf2 Rb5 43. Kg3 Bxf5 44. Bc4 Rb4 45. Re7+ Kg6 0-1

[Event "Mitropa Cup 23th"]
[Site "Zemplinska Sirava"]
[Date "2004.06.01"]
[Round "4.4"]
[White "Saric, Ante"]
[Black "Bindrich, Falko"]
[Result "1/2-1/2"]
[WhiteElo "2393"]
[BlackElo "2253"]
[PlyCount "80"]
[EventDate "2004.05.29"]
[EventType "team-tourn"]
[EventRounds "9"]
[EventCountry "SVK"]
[Source "ChessBase"]
[SourceDate "2004.07.06"]
[WhiteTeam "Croatia"]
[BlackTeam "Germany"]
[WhiteTeamCountry "CRO"]
[BlackTeamCountry "GER"]

1. Nf3 Nf6 2. c4 g6 3. g3 Bg7 4. Bg2 d6 5. d4 O-O 6. O-O a6 7. Nc3 Nc6 8. e3
Rb8 9. Qe2 b5 10. Rd1 Qe8 11. cxb5 axb5 12. Nxb5 Ba6 13. a4 Na7 14. Qc2 Nxb5
15. axb5 Bb7 16. Qxc7 Qxb5 17. Qa5 Qb3 18. Qe1 Rfc8 19. Nd2 Qc2 20. Nb1 Bxg2
21. Kxg2 Qc6+ 22. Kg1 Ne4 23. Nd2 Ng5 24. Qf1 e5 25. h4 Ne6 26. dxe5 dxe5 27.
Qg2 Qc2 28. Rf1 Nc5 29. Qd5 Rd8 30. Qc6 Rbc8 31. Qb5 Nd3 32. Nf3 Qe2 33. Ng5
Rf8 34. Qb3 Nc5 35. Qd1 Qb5 36. b4 Rfd8 37. Qf3 f6 38. Ne4 Nb3 39. Rb1 Qd3 40.
Bb2 f5 1/2-1/2

[Event "Mitropa Cup 23th"]
[Site "Zemplinska Sirava"]
[Date "2004.06.01"]
[Round "4.1"]
[White "Horvath, Adam"]
[Black "Gerber, Richard"]
[Result "1-0"]
[WhiteElo "2517"]
[BlackElo "2414"]
[PlyCount "75"]
[EventDate "2004.05.29"]
[EventType "team-tourn"]
[EventRounds "9"]
[EventCountry "SVK"]
[Source "ChessBase"]
[SourceDate "2004.07.06"]
[WhiteTeam "Hungary"]
[BlackTeam "Switzerland"]
[WhiteTeamCountry "HUN"]
[BlackTeamCountry "SUI"]

1. e4 c5 2. Nf3 d6 3. d4 cxd4 4. Nxd4 Nf6 5. Nc3 g6 6. Be3 Bg7 7. f3 Nc6 8. Qd2
O-O 9. O-O-O Nxd4 10. Bxd4 Be6 11. Kb1 Qc7 12. h4 Rfc8 13. h5 Qa5 14. hxg6 hxg6
15. a3 Rab8 16. Bd3 Bc4 17. Rh2 b5 18. Rdh1 b4 19. Bxc4 bxc3 20. Bxc3 Rxb2+ 21.
Kxb2 Qb6+ 22. Bb3 Rxc3 23. e5 Nh5 24. Rxh5 Rxb3+ 25. cxb3 gxh5 26. Rxh5 Bxe5+
27. Ka2 Kf8 28. Qc2 e6 29. Rg5 Bf6 30. Rg4 d5 31. Rb4 Qa6 32. Qc5+ Kg7 33. Rg4+
Kh7 34. Qc1 Bg7 35. Rh4+ Kg8 36. Qc2 Qf1 37. Qc8+ Bf8 38. Rg4+ 1-0

[Event "Mitropa Cup 23th"]
[Site "Zemplinska Sirava"]
[Date "2004.06.01"]
[Round "4.3"]
[White "Antal, Gergely"]
[Black "Nemet, Ivan"]
[Result "1/2-1/2"]
[WhiteElo "2495"]
[BlackElo "2361"]
[PlyCount "104"]
[EventDate "2004.05.29"]
[EventType "team-tourn"]
[EventRounds "9"]
[EventCountry "SVK"]
[Source "ChessBase"]
[SourceDate "2004.07.06"]
[WhiteTeam "Hungary"]
[BlackTeam "Switzerland"]
[WhiteTeamCountry "HUN"]
[BlackTeamCountry "SUI"]

1. e4 c5 2. Nf3 d6 3. d4 cxd4 4. Nxd4 Nf6 5. Nc3 a6 6. Be2 Nc6 7. Be3 Bd7 8.
O-O e6 9. f4 Be7 10. Qe1 O-O 11. Qg3 Nxd4 12. Bxd4 Bc6 13. Bd3 g6 14. Kh1 Nh5
15. Qe3 Bf6 16. Bb6 Qe7 17. Nd1 e5 18. f5 Nf4 19. g3 Nxd3 20. Qxd3 gxf5 21.
Rxf5 Bd7 22. Rf2 Bg5 23. Nc3 Bc6 24. Nd5 Bxd5 25. Qxd5 Qe6 26. Rd1 Rac8 27.
Qxe6 fxe6 28. Rxf8+ Kxf8 29. Rxd6 Rxc2 30. Rxe6 Rxb2 31. Bc5+ Kg7 32. Rxe5 Bf6
33. Re8 Rc2 34. Bd6 Kf7 35. Rb8 Ke6 36. Bf4 Rb2 37. e5 Be7 38. Re8 Kf7 39. Rh8
Rxa2 40. Rxh7+ Ke6 41. Rh6+ Kf5 42. Rh7 Bc5 43. h3 b6 44. Rf7+ Ke4 45. e6 Kd5
46. e7 Re2 47. Bg5 a5 48. h4 a4 49. h5 a3 50. Rf8 Bxe7 51. Bxe7 Rxe7 52. Ra8
Rh7 1/2-1/2

[Event "Mitropa Cup 23th"]
[Site "Zemplinska Sirava"]
[Date "2004.06.01"]
[Round "4.4"]
[White "Masserey, Yvan"]
[Black "Erdos, Viktor"]
[Result "0-1"]
[WhiteElo "2325"]
[BlackElo "2473"]
[PlyCount "82"]
[EventDate "2004.05.29"]
[EventType "team-tourn"]
[EventRounds "9"]
[EventCountry "SVK"]
[Source "ChessBase"]
[SourceDate "2004.07.06"]
[WhiteTeam "Switzerland"]
[BlackTeam "Hungary"]
[WhiteTeamCountry "SUI"]
[BlackTeamCountry "HUN"]

1. e4 e6 2. d4 d5 3. e5 c5 4. c3 Nc6 5. Nf3 Bd7 6. a3 c4 7. Bf4 Qb6 8. Qc2 f6
9. exf6 gxf6 10. Nbd2 O-O-O 11. b3 cxb3 12. Nxb3 e5 13. Be3 Qc7 14. c4 Nge7 15.
Rc1 Bg4 16. Be2 e4 17. Nh4 Bxe2 18. Qxe2 Ng6 19. O-O Nxh4 20. Qg4+ f5 21. Qxh4
Bxa3 22. cxd5 Rxd5 23. Rc4 Rg8 24. Ra1 Bd6 25. Rxa7 Kb8 26. Ra1 Rg4 27. Qh5 Qe7
28. g3 Rg6 29. Nc5 Qf7 30. Qe2 Bxc5 31. dxc5 f4 32. Bd2 Ne5 33. Qxe4 fxg3 34.
Bf4 gxf2+ 35. Kh1 Kc8 36. Rd4 Rxd4 37. Ra8+ Kd7 38. Qxb7+ Ke6 39. Ra6+ Kf5 40.
Qb1+ Re4 41. Bg3 Rxa6 0-1

[Event "Mitropa Cup 23th"]
[Site "Zemplinska Sirava"]
[Date "2004.06.01"]
[Round "4.1"]
[White "Manik, Mikulas"]
[Black "Mikhalchishin, Adrian"]
[Result "1-0"]
[WhiteElo "2491"]
[BlackElo "2527"]
[PlyCount "103"]
[EventDate "2004.05.29"]
[EventType "team-tourn"]
[EventRounds "9"]
[EventCountry "SVK"]
[Source "ChessBase"]
[SourceDate "2004.07.06"]
[WhiteTeam "Slovakia"]
[BlackTeam "Slovenia"]
[WhiteTeamCountry "SVK"]
[BlackTeamCountry "SLO"]

1. e4 e6 2. d4 d5 3. Nc3 Bb4 4. e5 c5 5. a3 Bxc3+ 6. bxc3 Qa5 7. Bd2 Ne7 8. Qg4
O-O 9. Bd3 Nbc6 10. Nf3 f6 11. exf6 Rxf6 12. Qh5 h6 13. Qe8+ Rf8 14. Bh7+ Kxh7
15. Qxf8 Qa4 16. O-O Qxc2 17. Rfe1 b6 18. Rac1 Qg6 19. Qf4 Na5 20. dxc5 Nb3 21.
Ne5 Qe8 22. Rb1 Nxc5 23. Be3 Ne4 24. Bd4 Bb7 25. f3 Nd6 26. Ng4 Nef5 27. Bxg7
Kxg7 28. Qe5+ Kf8 29. Qh8+ Ke7 30. Rxe6+ Kxe6 31. Re1+ Ne4 32. Qe5+ Kd7 33.
Nf6+ Nxf6 34. Qxf5+ Kc7 35. Qf4+ Kd7 36. Rxe8 Nxe8 37. Qxh6 Nd6 38. h4 Re8 39.
h5 Ba6 40. Qg7+ Re7 41. h6 Bd3 42. Qd4 Re1+ 43. Kh2 Bb1 44. Qa4+ Kc7 45. Qxa7+
Nb7 46. Qa8 Re7 47. g4 Bh7 48. g5 Rf7 49. g6 Re7 50. gxh7 Rxh7 51. Qf8 Nd6 52.
Qg7+ 1-0

[Event "Mitropa Cup 23th"]
[Site "Zemplinska Sirava"]
[Date "2004.06.01"]
[Round "4.2"]
[White "Borisek, Jure"]
[Black "Mrva, Martin"]
[Result "1/2-1/2"]
[WhiteElo "2464"]
[BlackElo "2471"]
[PlyCount "112"]
[EventDate "2004.05.29"]
[EventType "team-tourn"]
[EventRounds "9"]
[EventCountry "SVK"]
[Source "ChessBase"]
[SourceDate "2004.07.06"]
[WhiteTeam "Slovenia"]
[BlackTeam "Slovakia"]
[WhiteTeamCountry "SLO"]
[BlackTeamCountry "SVK"]

1. e4 c5 2. Nf3 Nc6 3. d4 cxd4 4. Nxd4 Nf6 5. Nc3 d6 6. Bg5 Qb6 7. Ndb5 a6 8.
Bxf6 gxf6 9. Nd5 Qa5+ 10. Nbc3 h5 11. Be2 f5 12. O-O Bg7 13. exf5 Bxf5 14. Bxh5
Be5 15. h3 e6 16. Ne3 Bxh3 17. Ncd5 exd5 18. gxh3 d4 19. Nf5 Bh2+ 20. Kxh2 Qxf5
21. Bg4 Qf4+ 22. Kg2 Ne5 23. Qc1 Qe4+ 24. f3 Qg6 25. Qf4 Rc8 26. Rac1 Rxc2+ 27.
Rxc2 Qxc2+ 28. Kg3 Qg6 29. h4 d3 30. Rc1 d2 31. Qxd2 O-O 32. h5 Qf6 33. Rd1 Rd8
34. Qd4 Kg7 35. h6+ Kh8 36. a4 Rg8 37. Qf4 Qg6 38. Kh4 Nxg4 39. fxg4 f5 40.
Qxf5 Qxh6+ 41. Qh5 Qxh5+ 42. Kxh5 Rd8 43. Kg6 Kg8 44. Rd5 Rd7 45. Kf6 Rf7+ 46.
Ke6 Rf2 47. b4 Rf4 48. b5 Rxa4 49. b6 a5 50. Rxd6 Re4+ 51. Kd7 Rc4 52. Kd8 a4
53. Rd7 Rc6 54. Rxb7 a3 55. Kd7 a2 56. Ra7 Rxb6 1/2-1/2

[Event "Mitropa Cup 23th"]
[Site "Zemplinska Sirava"]
[Date "2004.06.01"]
[Round "4.3"]
[White "Petrik, Tomas"]
[Black "Lenic, Luka"]
[Result "1-0"]
[WhiteElo "2413"]
[BlackElo "2374"]
[PlyCount "57"]
[EventDate "2004.05.29"]
[EventType "team-tourn"]
[EventRounds "9"]
[EventCountry "SVK"]
[Source "ChessBase"]
[SourceDate "2004.07.06"]
[WhiteTeam "Slovakia"]
[BlackTeam "Slovenia"]
[WhiteTeamCountry "SVK"]
[BlackTeamCountry "SLO"]

1. e4 c5 2. Nf3 Nc6 3. d4 cxd4 4. Nxd4 e5 5. Nb5 d6 6. c4 Be6 7. Be2 Be7 8. O-O
a6 9. N5c3 Bg5 10. Nd2 Nge7 11. b3 O-O 12. Bb2 Rc8 13. Nd5 Ng6 14. Nf3 Bh6 15.
Ba3 f5 16. exf5 Bxf5 17. Ne3 Bxe3 18. fxe3 Qb6 19. Qd2 Rcd8 20. Kh1 Rf6 21. Ng5
Nce7 22. Rad1 h6 23. c5 Qc6 24. Bc4+ d5 25. e4 Nf4 26. exd5 Nexd5 27. Nf3 Be4
28. Nxe5 Nxg2 29. Qd4 1-0

[Event "Mitropa Cup 23th"]
[Site "Zemplinska Sirava"]
[Date "2004.06.01"]
[Round "4.4"]
[White "Sakelsek, Tadej"]
[Black "Pinter, Erik"]
[Result "1-0"]
[WhiteElo "2374"]
[BlackElo "2410"]
[PlyCount "79"]
[EventDate "2004.05.29"]
[EventType "team-tourn"]
[EventRounds "9"]
[EventCountry "SVK"]
[Source "ChessBase"]
[SourceDate "2004.07.06"]
[WhiteTeam "Slovenia"]
[BlackTeam "Slovakia"]
[WhiteTeamCountry "SLO"]
[BlackTeamCountry "SVK"]

1. e4 c5 2. Nf3 d6 3. d4 cxd4 4. Nxd4 Nf6 5. Nc3 g6 6. Be3 Bg7 7. f3 O-O 8. Qd2
Nc6 9. O-O-O Bd7 10. g4 Rc8 11. h4 Ne5 12. Be2 Qa5 13. Kb1 Rxc3 14. Qxc3 Qxc3
15. bxc3 Bxg4 16. fxg4 Nxe4 17. Bd2 Nf2 18. Rhf1 Nxd1 19. Rxd1 Rc8 20. Kb2 Nc4+
21. Bxc4 Rxc4 22. Be3 a6 23. Kb3 d5 24. g5 e6 25. a4 Be5 26. Bf2 Kg7 27. Rd3 h6
28. Nf3 Bd6 29. Bd4+ Kh7 30. Re3 Bf4 31. Re2 Bg3 32. Rg2 Bd6 33. gxh6 Kxh6 34.
Ng5 Rc7 35. Rf2 e5 36. Nxf7+ Rxf7 37. Rxf7 exd4 38. cxd4 Bg3 39. Rxb7 Bxh4 40.
c4 1-0

[Event "Mitropa Cup 23th"]
[Site "Zemplinska Sirava"]
[Date "2004.06.02"]
[Round "5.2"]
[White "Horvath, Adam"]
[Black "Balinov, Ilija"]
[Result "1-0"]
[WhiteElo "2517"]
[BlackElo "2382"]
[PlyCount "45"]
[EventDate "2004.05.29"]
[EventType "team-tourn"]
[EventRounds "9"]
[EventCountry "SVK"]
[Source "ChessBase"]
[SourceDate "2004.07.06"]
[WhiteTeam "Hungary"]
[BlackTeam "Austria"]
[WhiteTeamCountry "HUN"]
[BlackTeamCountry "AUT"]

1. e4 c6 2. d4 d5 3. e5 Bf5 4. Be3 e6 5. Nd2 Qb6 6. Nb3 Nd7 7. Nf3 Ne7 8. Be2
Bg4 9. O-O Nf5 10. Bf4 c5 11. dxc5 Nxc5 12. Nxc5 Bxc5 13. c4 O-O 14. cxd5 exd5
15. Qxd5 Rad8 16. Qb3 Qxb3 17. axb3 Nd4 18. Nxd4 Rxd4 19. Bxg4 Rxf4 20. Bf3 Rd8
21. Rfc1 Bb6 22. Rc2 g5 23. Bxb7 1-0

[Event "Mitropa Cup 23th"]
[Site "Zemplinska Sirava"]
[Date "2004.06.02"]
[Round "5.3"]
[White "Kuba, Guenter"]
[Black "Balogh, Csaba"]
[Result "1-0"]
[WhiteElo "2339"]
[BlackElo "2468"]
[PlyCount "163"]
[EventDate "2004.05.29"]
[EventType "team-tourn"]
[EventRounds "9"]
[EventCountry "SVK"]
[Source "ChessBase"]
[SourceDate "2004.07.06"]
[WhiteTeam "Austria"]
[BlackTeam "Hungary"]
[WhiteTeamCountry "AUT"]
[BlackTeamCountry "HUN"]

1. e4 c5 2. Nf3 e6 3. c3 d5 4. exd5 Qxd5 5. d4 Nf6 6. Be3 cxd4 7. cxd4 Bb4+ 8.
Nc3 Bd7 9. Bd3 Bb5 10. O-O Bxc3 11. bxc3 O-O 12. Bxb5 Qxb5 13. Rb1 Qa6 14. Qb3
b6 15. c4 Nc6 16. Rfc1 Rac8 17. Qd3 h6 18. Qd2 Qa5 19. Bxh6 gxh6 20. Qxh6 Qf5
21. Rb5 e5 22. dxe5 Nh7 23. Qe3 Rcd8 24. c5 Rd5 25. Qb3 Rd3 26. Qb1 bxc5 27.
Ne1 Rfd8 28. Rbxc5 Nb4 29. Qxb4 Rd2 30. Qh4 R8d4 31. Qg3+ Rg4 32. Qf3 Rf4 33.
Qg3+ Rg4 34. Qe3 Rxa2 35. h3 Rg6 36. R5c2 Raa6 37. Rc8+ Kg7 38. R8c7 Ng5 39.
Kf1 Rae6 40. Rxa7 Rxe5 41. Qd4 Rf6 42. Ra3 Rd5 43. Qe3 Re6 44. Qg3 Rg6 45. Qg4
Qe5 46. Nf3 Nxf3 47. Qxf3 Qg5 48. Re1 Rf5 49. Qe4 Kh7 50. g3 Rff6 51. Rae3 Kg7
52. Kg2 Qa5 53. Rf3 Rxf3 54. Kxf3 Qd2 55. Kg2 Re6 56. Qg4+ Rg6 57. Qe2 Qb4 58.
Qe5+ Kh7 59. Re4 Qb7 60. Kh2 Rh6 61. Qf5+ Kh8 62. Re8+ Kg7 63. Qe5+ Rf6 64.
Rg8+ Kxg8 65. Qxf6 Qd5 66. h4 Kh7 67. g4 Qc4 68. Qf5+ Kg8 69. h5 Qd4 70. Kh3
Qd1 71. Qe4 Qf1+ 72. Kg3 Qg1+ 73. Qg2 Qc1 74. Kh4 Qf4 75. Qg3 Qe4 76. h6 Kh7
77. Qe3 Qh1+ 78. Kg3 Qg1+ 79. Kf4 Qh2+ 80. Kf5 Qd6 81. g5 Qd5+ 82. Kf4 1-0

[Event "Mitropa Cup 23th"]
[Site "Zemplinska Sirava"]
[Date "2004.06.02"]
[Round "5.4"]
[White "Erdos, Viktor"]
[Black "Ragger, Markus"]
[Result "1-0"]
[WhiteElo "2473"]
[BlackElo "2365"]
[PlyCount "69"]
[EventDate "2004.05.29"]
[EventType "team-tourn"]
[EventRounds "9"]
[EventCountry "SVK"]
[Source "ChessBase"]
[SourceDate "2004.07.06"]
[WhiteTeam "Hungary"]
[BlackTeam "Austria"]
[WhiteTeamCountry "HUN"]
[BlackTeamCountry "AUT"]

1. d4 Nf6 2. c4 e6 3. Nc3 Bb4 4. Qc2 c5 5. dxc5 Bxc5 6. Nf3 Qb6 7. e3 Qc7 8. b3
b6 9. Bb2 a6 10. Bd3 Bb7 11. O-O Be7 12. Qe2 O-O 13. e4 d6 14. Rac1 Nbd7 15.
Nd4 Rfe8 16. f4 Rac8 17. Kh1 Qb8 18. Rce1 e5 19. fxe5 Nxe5 20. Nd5 Nfd7 21. Bb1
Bf8 22. Qf2 b5 23. cxb5 axb5 24. Nf3 Nxf3 25. Qxf3 Ne5 26. Bxe5 dxe5 27. Qxf7+
Kh8 28. Re3 Bc5 29. Rh3 Rc6 30. Nf6 Rxf6 31. Rxf6 Qd8 32. Qh5 h6 33. Rxh6+ gxh6
34. Qxh6+ Kg8 35. Rg3+ 1-0